000 00287nam a22000977a 4500
008 210225b ||||| |||| 00| 0 eng d
020 _a9789389340693
100 _aOSWAAL BOOKS
245 _aCBSE SAMPLE QUESTION PAPERS MATHEMATICS (STANDARD )CLASS 10
260 _aDELHI
_bOSWAAL BOOKS
_c2019
999 _c11843
_d11843